Países com # letras - Statistics

Estatísticas Gerais
  • Esse quiz foi jogado 154 vezes
    99 desde o último reset
  • A pontuação média é 9 de 19
Estatísticas das Respostas
# de
letras
País % Correto
3
96%
5
94%
6
92%
4
86%
8
84%
7
80%
9
75%
10
52%
13
48%
11
46%
27
24%
12
20%
15
18%
19
16%
20
14%
16
11%
24
10%
18
8%
21
4%
Nenhum quiz correspondente encontrado
Distribuição das Pontuações
Porcentagem de Pessoas com Cada Pontuação
Percentil de Números Respondidos
Sua Pontuação Histórica
Você não jogou esse quiz desde o último reset